Districts of the Transvaal Republic & Orange Free State on a Map - Statistics

General Stats
  • This quiz has been taken 12 times
  • The average score is 17 of 36
Answers on the Map
Answers color-coded by a green-red scale on the quiz's map according to % correct below.
 
Answer Stats
N Answer % Correct
2 Bloemfontein
100%
1 Pretoria
100%
1 Heidelberg
57%
2 Hoopstad
57%
2 Lady Brand
57%
1 Utrecht
57%
2 Bethlehem
43%
2 Bethulie
43%
1 Bloemhof
43%
2 Boshof
43%
2 Caledon River
43%
1 Ermelo
43%
2 Fauresmith
43%
2 Ficksburg
43%
2 Harrismith
43%
2 Heilbron
43%
2 Jacobsdal
43%
2 Kroonstad
43%
1 Lichtenburg
43%
1 Lydenburg
43%
1 Marico
43%
1 Middelburg
43%
2 Moroka
43%
2 Philippolis
43%
1 Piet-Retief
43%
1 Potchefstroom
43%
2 Rouxville
43%
1 Rustenburg
43%
1 Standerton
43%
2 Vrede
43%
1 Wakkerstroom
43%
1 Waterberg
43%
2 Wepener
43%
2 Winburg
43%
1 Zoutpansberg
43%
1 Vrijheid
14%
No matching quizzes found
Score Distribution
Percent of People with Each Score
Percentile by Number Answered
Your Score History
You have not taken this quiz